| 000 | 00329nam a2200097Ia 4500 | ||
|---|---|---|---|
| 008 | 220120s9999||||xx |||||||||||||| ||und|| | ||
| 100 |
_aSridhara, Harish, S _912100 |
||
| 245 | 0 | _aImplementation of fast power transform using VHDL | |
| 260 |
_aCoorg Institute of Technology _bPonnampet _c2007 |
||
| 650 | _aELECTRONICS AND COMMUNICATIONS | ||
| 999 |
_c137685 _d137685 |
||